000 00204 a2200097 4500
020 _a59063903x
041 _aeng
100 _aBarbara Park
245 _aJunie B.Jones and the Stupid smelle bus
942 _cK
999 _c26878
_d26878